000 00802nam a22002777a 4500
003 CHAP
005 20220817042641.0
008 971013c19751960 r 00010 d
010 _a51041
011 _a52013
035 _a56163
040 _cCHAP
082 _a110
_bW3Y
100 0 0 _aWahl, Jean.
_9120798
245 _aTratado de metafísica
260 _aMéxico, D.F. :
_bFondo de Cultura Económica,
_c1975 (c.1960)
300 _a687 p.
590 _aBATCH-UPD
_b10
_c20130110
_lUCH01
_h0551
590 _aBATCH-UPD
_b10
_c20130410
_lUCH01
_h0233
590 _aBATCH-UPD
_b10
_c20130914
_lUCH01
_h1814
590 _aCONVERSION
_b10
_c20130109
_lUCH01
_h1328
650 1 4 _aMetafísica.
901 _aBK
942 _cLIBRO
949 _a110 W3Y
_bBC
_cLIBRO
_d33724000939385
_eLIBRO
_h40213
_i56163
_mD
_si
999 _c51041
_d51041